| 000 | 00906nam2a2200241 4500 | ||
|---|---|---|---|
| 001 | RU\NLR\BIBL_A\022271000 | ||
| 005 | 20240715111317.0 | ||
| 010 |
_a978-5-6048425-6-0 _930 |
||
| 021 |
_aRU _bКН-П-24-031199 _9КН-П-24-3157 |
||
| 035 | _a(NLR Aleph) 022271000 | ||
| 090 |
_a12353768 _c12353768 |
||
| 100 | _a20240704d2022 u y0rusy50 ca | ||
| 101 | 0 | _arus | |
| 102 | _aRU | ||
| 105 | _ay z 000ay | ||
| 200 | 0 | _aКн. 1 | |
| 210 | _d2022 | ||
| 215 | _a244, [2] с. | ||
| 461 | 0 |
_1001RU\NLR\BIBL_A\022270998 _12001#$aСирота$eроман$fЕлена Зябкина$vКн. 1 _1700#1$aЗябкина$bЕ. Л.$gЕлена Леонидовна _912353760 _aЗябкина, Е. Л. _cНовосибирск _d2022- _fЕлена Зябкина _nАкадемиздат _oроман _tСирота _vКн. 1 |
|
| 942 | _cBOOK | ||
| 980 | _aNB | ||